Where we live / (Record no. 6635)
[ view plain ]
| 000 -LEADER | |
|---|---|
| fixed length control field | 01186nam a22002657a 4500 |
| 001 - CONTROL NUMBER | |
| control field | 6635 |
| 003 - CONTROL NUMBER IDENTIFIER | |
| control field | FISKH |
| 005 - DATE AND TIME OF LATEST TRANSACTION | |
| control field | 20250516124102.0 |
| 008 - FIXED-LENGTH DATA ELEMENTS--GENERAL INFORMATION | |
| fixed length control field | 250516b cb ||||| |||| 00| 0 eng d |
| 020 ## - INTERNATIONAL STANDARD BOOK NUMBER | |
| International Standard Book Number | 9780753469026 |
| 040 ## - CATALOGING SOURCE | |
| Original cataloging agency | FISKH |
| Language of cataloging | eng |
| Transcribing agency | FISKH |
| Modifying agency | FISKH |
| 050 ## - LIBRARY OF CONGRESS CALL NUMBER | |
| Classification number | GT172.S76 |
| 082 ## - DEWEY DECIMAL CLASSIFICATION NUMBER | |
| Classification number | 307 |
| 100 ## - MAIN ENTRY--PERSONAL NAME | |
| Personal name | Stone, Brenda |
| 245 ## - TITLE STATEMENT | |
| Title | Where we live / |
| Statement of responsibility, etc. | Brenda Stones and Thea Feldman |
| 260 ## - PUBLICATION, DISTRIBUTION, ETC. | |
| Place of publication, distribution, etc. | New York : |
| Name of publisher, distributor, etc. | Kingfisher, |
| Date of publication, distribution, etc. | 2012. |
| 300 ## - PHYSICAL DESCRIPTION | |
| Extent | 32 pages : |
| Other physical details | color illustrations ; |
| Dimensions | 23 cm |
| 505 ## - FORMATTED CONTENTS NOTE | |
| Formatted contents note | N<br/> |
| 520 ## - SUMMARY, ETC. | |
| Summary, etc. | "Come along on a global journey to examine the fascinating array of places and spaces that people call home. Beginning with the basic idea of shelter, readers examine the wide variety of climates, materials, and geography where humans choose to live, from an amazing mountaintop palace in Yemen to the canals of Venice, houses on stilts, caravans, yurts and more, readers will emerge from this book with new vocabulary-houseboat, shutters, thatch-and a newfound appreciation for the home they call their own |
| 521 8# - TARGET AUDIENCE NOTE | |
| Target audience note | 540<br/> |
| Source | Lexile<br/> |
| 521 8# - TARGET AUDIENCE NOTE | |
| Target audience note | N<br/> |
| Source | Raz-Plus<br/> |
| 650 ## - SUBJECT ADDED ENTRY--TOPICAL TERM | |
| Topical term or geographic name entry element | Habitats |
| Form subdivision | Communities |
| 942 ## - ADDED ENTRY ELEMENTS (KOHA) | |
| Source of classification or shelving scheme | Dewey Decimal Classification |
| Koha item type | Books |
| Suppress in OPAC | No |
| Withdrawn status | Lost status | Source of classification or shelving scheme | Damaged status | Not for loan | Collection | Home library | Current library | Shelving location | Date acquired | Total Checkouts | Full call number | Barcode | Date last seen | Copy number | Price effective from | Koha item type |
|---|---|---|---|---|---|---|---|---|---|---|---|---|---|---|---|---|
| Dewey Decimal Classification | Non-Fiction | Footprints International School Library Network Toul Kork Campus | Footprints International School Library Network Toul Kork Campus | TK Primary Library Room(4th Floor), Bookcase 3&4, Shelves 17-32, Yellow Books | 05/16/2025 | STO 307 GT172.S76 | FISTK00793 | 05/16/2025 | 1 | 05/16/2025 | Books |
